Напрямки краєзнавчої діяльності на Острожчині в 1918–1939 рр. (Запис № 458263)
[ простий вигляд ]
| 000 -LEADER | |
|---|---|
| fixed length control field | 00960caa a2200217 4500 |
| 001 - CONTROL NUMBER | |
| control field | 5147281 |
| 003 - CONTROL NUMBER IDENTIFIER | |
| control field | UA-OsUOA |
| 005 - DATE AND TIME OF LATEST TRANSACTION | |
| control field | 20200221123243.0 |
| 008 - FIXED-LENGTH DATA ELEMENTS--GENERAL INFORMATION | |
| fixed length control field | 200221b un ||||| |||| 00| 0 ukr d |
| 040 ## - CATALOGING SOURCE | |
| Original cataloging agency | UA-OsUOA |
| Language of cataloging | ukr |
| Transcribing agency | UA-OsUOA |
| Modifying agency | UA-OsUOA |
| 041 ## - LANGUAGE CODE | |
| Language code of text/sound track or separate title | ukr |
| 080 ## - UNIVERSAL DECIMAL CLASSIFICATION NUMBER | |
| Universal Decimal Classification number | 908 |
| 090 ## - LOCALLY ASSIGNED LC-TYPE CALL NUMBER (OCLC); LOCAL CALL NUMBER (OCLC) | |
| Classification number (OCLC) (R) ; Classification number, CALL (RLIN) (NR) | 908 |
| 100 ## - MAIN ENTRY--PERSONAL NAME | |
| Personal name | Завадська О. |
| 245 ## - TITLE STATEMENT | |
| Title | Напрямки краєзнавчої діяльності на Острожчині в 1918–1939 рр. |
| Statement of responsibility, etc | О. Завадська |
| 300 ## - PHYSICAL DESCRIPTION | |
| Extent | С. 26–37 |
| 650 ## - SUBJECT ADDED ENTRY--TOPICAL TERM | |
| Source of heading or term | UDC |
| 773 0# - HOST ITEM ENTRY | |
| Host Biblionumber | 327740 |
| Host Itemnumber | 350313 |
| Place, publisher, and date of publication | Острог НаУОА 2006 |
| Other item identifier | 99148 |
| Title | Історія музейництва, пам'яткоохоронної справи, краєзнавства і туризму в м. Острозі та на Волині |
| Record control number | (UA-OsUOA) 41599 |
| 942 ## - ADDED ENTRY ELEMENTS (KOHA) | |
| Source of classification or shelving scheme | Universal Decimal Classification |
| Koha item type | Складова частина документа |
Немає доступних примірників.